000 00345pam a2200157a 44500
008 230515b2010 xxu||||| |||| 00| 0 eng d
020 _aNULL
041 _aENGLISH
082 _a610.7362
100 _aMS JISHA S JOHN
245 _aCHILD HEALTH NURSING
250 _a0
260 _a
_bDR D Y PATIL
_c2010
300 _a118
650 _aNULL
999 _c531001
_d531001